000 00585nam a2200193Ia 4500
005 20260120132017.0
008 008 260114s9999 xx 000 0 eng d
020 _a9780197713594
037 _aEBOOK
040 _aCRL
_beng
_cCRL
041 _aeng
_2eng
084 _qCRL
100 _aFeldman
_9933856
245 4 _aThe Great Disorder: Politics, Economics, and Society in the German Inflation, 1914-1924
260 _bOxford University PressOxford University Press
_c2023
856 _uhttps://academic.oup.com/book/48068
942 _cEBOOK
999 _c1525779
_d1525779